100 scientifiques - Statistiques

Statistiques générales
  • Ce quiz a été pris 143 fois
  • Le résultat moyen est 11 sur 100
Statistiques - réponses
Par images Hint Réponse % Correct
Physicien Albert Einstein
82%
Physicienne Marie Curie
78%
Mathématicien Pythagore
76%
Mathématicien, Physicien, Astronome Isaac Newton
70%
Physicien, Cosmologiste Stephen Hawking
67%
Mathématicien, Géomètre Thalès de Milet
65%
Ingénieur Nikola Tesla
53%
Mathématicien, Géomètre, Astronome Galilée
46%
Chimiste Antoine Lavoisier
42%
Naturaliste Charles Darwin
42%
Mathématicien, Cryptologue Alan Turing
39%
Chimiste, Physicien Louis Pasteur
39%
Astronome Johannes Kepler
37%
Astrophysicien Hubert Reeves
27%
Chimiste Dmitri Mendeleïev
25%
Océanographe Jacques-Yves Cousteau
25%
Mathématicien Euclide
23%
Astronome, Mathématicien Nicolas Copernic
22%
Physicien Niels Bohr
20%
Physicien Pierre Curie
20%
Généticien, Botaniste Gregor Mendel
19%
Mathématicien, Physicien Blaise Pascal
18%
Physicien, Mathématicien, Ingénieur Archimède de Syracuse
11%
Physicien Enrico Fermi
10%
Astronome, Mathématicienne Hypatie d'Alexandrie
10%
Astronome Edwin Hubble
9%
Médecin, Astronome Avicenne
8%
Anthropologue Claude Lévi-Strauss
8%
Astronome, Géographe Ératosthène
7%
Physicien, Chimiste Alessandro Volta
6%
Naturaliste, Mathématicien, Biologiste Georges-Louis Leclerc de Buffon
6%
Géologue, Volcanologue Haroun Tazieff
6%
Physicien, Ingénieur Heinrich Hertz
6%
Ingénieur Alexander Graham Bell
5%
Chimiste Alfred Nobel
5%
Mathématicien, Physicien, Chimiste André-Marie Ampère
5%
Ingénieur James Watt
5%
Physicien Georg Ohm
4%
Physicien Henri Becquerel
4%
Biologiste Luc Montagnier
4%
Physicien, Chimiste Michael Faraday
4%
Mathématicien Nicolas de Condorcet
4%
Mathématicien, Physicien Alhazen
3%
Microbiologiste, Généticienne, Biochimiste Emmanuelle Charpentier
3%
Informaticienne Grace Hopper
3%
Astronome, Mathématicien Urbain Le Verrier
3%
Physicien William Thomson
3%
Astronome, Mathématicien Aristarque de Samos
2%
Anatomiste Georges Cuvier
2%
Physicien Guglielmo Marconi
2%
Mathématicien Leon Battista Alberti
2%
Paléontologue Mary Leakey
2%
Médecin Paracelse
2%
Physicienne, Chimiste Rosalind Franklin
2%
Anthropologue Bronisław Malinowski
1%
Astronome Clyde William Tombaugh
1%
Virologue Françoise Barré-Sinoussi
1%
Mathématicien, Ingénieur Gaspard-Gustave Coriolis
1%
Astronome, Météorologiste James Glaisher
1%
Physicien James Prescott Joule
1%
Immunologiste Jules Bordet
1%
Physicienne Maria Goeppert-Mayer
1%
Biologiste Rachel Carson
1%
Océanographe Robert Ballard
1%
Médecin, Bactériologiste Albert Calmette
0%
Mathématicien, Astronome, Physicien Anders Celsius
0%
Physicien Antoine Becquerel
0%
Cytogénéticienne Barbara McClintock
0%
Astronome Charles Marie de La Condamine
0%
Chimiste Claude-Louis Berthollet
0%
Paléontologue Donald Johanson
0%
Physicien, Médecin Edward Jenner
0%
Médecin Emil Adolf von Behring
0%
Météorologue Francis Beaufort
0%
Astronome Frank Drake
0%
Mathématicien, Géographe, Cartographe Gérard Mercator
0%
Pharmacologue, Biochismiste Gertrude Elion
0%
Virologue, Médecin Harald zur Hausen
0%
Physicien Isidor Isaac Rabi
0%
Physicien James Chadwick
0%
Naturaliste Jeanne Villepreux-Power
0%
Biochimiste, Biologiste Jennifer Doudna
0%
Astronome John Flamsteed
0%
Physicien Joseph Henry
0%
Biologiste, Médecin Karl Landsteiner
0%
Astrophysicienne Katherine Freese
0%
Mathématicien, Météorologue Lewis Fry Richardson
0%
Biophysicienne Maria Telkes
0%
Chimiste Michel-Eugène Chevreul
0%
Physicienne Patience Mthunzi-Kufa
0%
Géographe Paul Vidal de La Blache
0%
Mathématicien, Astronome Percival Lowell
0%
Médecin, Naturaliste Philibert Commerson
0%
Médecin, Bactériologiste Ronald Ross
0%
Astronome, Planétologue Sara Seager
0%
Physicienne Shirley Ann Jackson
0%
Chimiste Stephanie Kwolek
0%
Immunologiste Tasuku Honjo
0%
Pharmacologue Tu Youyou
0%
Physicien Wilhelm Eduard Weber
0%
Aucun quiz correspondant
Distribution des résultats
% des personnes avec chaque résultat
Percentile par nombre de réponses
Votre historique - résultats
Vous n’avez pas pris ce quiz